| 000 | 00900nam a22002057a 4500 | ||
|---|---|---|---|
| 005 | 20220317152441.0 | ||
| 008 | 220315b ||||| |||| 00| 0 eng d | ||
| 020 | _a9789352692736 | ||
| 040 | _cAL | ||
| 041 | _aeng | ||
| 082 |
_223 _a332 _bAROG |
||
| 100 |
_aNeha Arora _923693 |
||
| 245 | _aGlobalised economy and banking sector | ||
| 260 |
_aNew Delhi _bRandom Publications _c2019 |
||
| 300 |
_aviii,298p. _bHB _c23.5x15.5cm. |
||
| 365 |
_2General _aABDI/0566/22 _b₹1462.50 _c₹ _d₹1950.00 _e25% _f7-3-2022 |
||
| 520 | _aGlobal economic system; monetary theory in economy; international monetary systems; banking sector; customer relationship management in banking sector; the marketing mix in banking sector; the role of the banking system in the economy; theories of multinational banking; foreign exchange management. | ||
| 650 |
_2Economics _aFinancial economics _924071 |
||
| 942 |
_2ddc _cBK |
||
| 999 |
_c221881 _d221881 |
||